Biomimicry:Nature as designer (Record no. 8275)
[ view plain ]
| 000 -LEADER | |
|---|---|
| fixed length control field | 00272nam a22001217a 4500 |
| 003 - CONTROL NUMBER IDENTIFIER | |
| control field | OSt |
| 005 - DATE AND TIME OF LATEST TRANSACTION | |
| control field | 20201102113500.0 |
| 008 - FIXED-LENGTH DATA ELEMENTS--GENERAL INFORMATION | |
| fixed length control field | 201102b ||||| |||| 00| 0 eng d |
| 020 ## - INTERNATIONAL STANDARD BOOK NUMBER | |
| International Standard Book Number | 9781522915140 |
| 082 ## - DEWEY DECIMAL CLASSIFICATION NUMBER | |
| Classification number | 600 |
| Item number | BEN |
| 245 ## - TITLE STATEMENT | |
| Title | Biomimicry:Nature as designer |
| 942 ## - ADDED ENTRY ELEMENTS (KOHA) | |
| Source of classification or shelving scheme | |
| Withdrawn status | Lost status | Source of classification or shelving scheme | Damaged status | Koha normalized classification for sorting | Not for loan | Permanent location | Current location | Date acquired | Full call number | Barcode | Date last seen | Price effective from | Koha item type |
|---|---|---|---|---|---|---|---|---|---|---|---|---|---|
| 600_000000000000000_BEN | BMS College of Architecture, Design and Planning | BMS College of Architecture, Design and Planning | 2020-11-02 | 600 BEN | AR-UG1935 | 2020-11-02 | 2020-11-02 | UG Books |